<?xml version="1.0" encoding="UTF-8"?>
<record
    xmlns:xsi="http://www.w3.org/2001/XMLSchema-instance"
    xsi:schemaLocation="http://www.loc.gov/MARC21/slim http://www.loc.gov/standards/marcxml/schema/MARC21slim.xsd"
    xmlns="http://www.loc.gov/MARC21/slim">

  <leader>00718nam a2200133Ia 4500</leader>
  <controlfield tag="008">120622s9999    xx            000 0 und d</controlfield>
  <datafield tag="020" ind1=" " ind2=" ">
    <subfield code="a">970-701-247-1</subfield>
  </datafield>
  <datafield tag="082" ind1=" " ind2=" ">
    <subfield code="a">338.917204 M611</subfield>
  </datafield>
  <datafield tag="245" ind1=" " ind2=" ">
    <subfield code="a">M&#xE9;xico - Uni&#xF3;n Europea : acuerdo de asociaci&#xF3;n econ&#xF3;mica, concertaci&#xF3;n pol&#xED;tica y cooperaci&#xF3;n ; sus aspectos fundamentales / Alicia Lebrija, Stephan Sberro, coord.</subfield>
  </datafield>
  <datafield tag="260" ind1=" " ind2=" ">
    <subfield code="a">M&#xE9;xico : Instituto Tecnol&#xF3;gico Aut&#xF3;nomo de M&#xE9;xico ; Porr&#xFA;a ; Instituto de Estudios de la Uni&#xF3;n Europea</subfield>
  </datafield>
  <datafield tag="300" ind1=" " ind2=" ">
    <subfield code="a">231 p</subfield>
  </datafield>
  <datafield tag="500" ind1=" " ind2=" ">
    <subfield code="a">Incluye bibliograf&#xED;a</subfield>
  </datafield>
  <datafield tag="650" ind1=" " ind2=" ">
    <subfield code="a">1. M&#xC9;XICO - RELACIONES ECON&#xD3;MICAS EXTERIORES - PA&#xCD;SES DE LA UNI&#xD3;N EUROPEA \ 2. M&#xC9;XICO - RELACIONES ECON&#xD3;MICAS EXTERIORES - PA&#xCD;SES DE LA UNI&#xD3;N EUROPEA&#xCC;</subfield>
  </datafield>
  <datafield tag="952" ind1=" " ind2=" ">
    <subfield code="0">0</subfield>
    <subfield code="1">0</subfield>
    <subfield code="4">0</subfield>
    <subfield code="7">0</subfield>
    <subfield code="a">01</subfield>
    <subfield code="b">01</subfield>
    <subfield code="d">2009-03-21</subfield>
    <subfield code="l">4</subfield>
    <subfield code="o">338.917204 M611</subfield>
    <subfield code="p">01 004908</subfield>
    <subfield code="r">2019-07-08</subfield>
    <subfield code="s">2019-07-08</subfield>
    <subfield code="t">1</subfield>
    <subfield code="w">2012-06-24</subfield>
    <subfield code="y">LB</subfield>
  </datafield>
  <datafield tag="999" ind1=" " ind2=" ">
    <subfield code="c">60777</subfield>
    <subfield code="d">60777</subfield>
  </datafield>
</record>
